00768nam a2200241Ia 45000010006000000050017000060070003000230080041000260200007000670400025000740410008000990820025001071000028001322450066001602500013002262600041002393000019002805000035002996530023003349420012003579520140003699990017005094142520240114003420.0ta080320s2001 g b000 u asm u cHB aCotton College,Assam aasm a891.41308bCh 349 Sa aChaliha, Saurav Kumar . 0aSai Daxakar Galpa /cSaurav Kumar Chaliha.hTextual Documents aIst ed / aGuwahati :bStudents Stores ,c2001. a479pg ;c22cm. aIssued to the Deptt (Assamese) aAssamese - stories 2ddccBK 001040708Circulation (Deptt)aSKBLbSKBLd2012-02-01f00000l0o891.41308 Ch 349 Sap5488/Asr2024-01-14 00:00:00t1w2012-02-01yBK c41392d41392